[Event "ROM-ch blitz"]
[Site "Bucharest"]
[Date "2022.03.13"]
[Round "4"]
[White "Ciorica, Mihai Vlad"]
[Black "Daianu, Cristian Clement"]
[Result "0-1"]
[WhiteElo "1854"]
[BlackElo "2159"]
[PlyCount "58"]
[EventDate "2022.03.13"]
[EventType "swiss (blitz)"]
[EventRounds "9"]
[EventCountry "ROU"]
[SourceTitle "EXT 2023"]
[Source "ChessBase"]
[SourceDate "2022.10.05"]
[SourceVersion "1"]
[SourceVersionDate "2022.10.05"]
[SourceQuality "1"]

1. d4 f5 2. Bg5 h6 3. Bh4 g5 4. Bg3 Bg7 5. e3 Nf6 6. h4 g4 7. Ne2 d6 8. Nf4 e6 9. Nc3 0-0 10. Be2 Qe8 11. h5 Bd7 12. f3 e5 13. dxe5 dxe5 14. Ng6 Nxh5 15. Nxf8 Nxg3 16. Nxd7 Nxh1 17. Qd5+ Kh8 18. Nxb8 Rxb8 19. 0-0-0 Ng3 20. fxg4 Nxe2+ 21. Nxe2 fxg4 22. Ng3 Qe7 23. e4 Qg5+ 24. Kb1 Bf6 25. Qf7 Qg7 26. Qxg7+ Kxg7 27. Rd7+ Kg6 28. Rxc7 Rd8 29. Kc1 Bg5+ 0-1

[Event "ROM-ch U18"]
[Site "Calimanesti Caciulata"]
[Date "2019.04.16"]
[Round "2"]
[White "Ciorica, Mihai Vlad"]
[Black "Stoleriu, George"]
[Result "1/2-1/2"]
[WhiteElo "2096"]
[BlackElo "2368"]
[PlyCount "22"]
[EventDate "2019.04.15"]
[EventType "swiss"]
[EventRounds "9"]
[EventCountry "ROU"]
[SourceTitle "CBM 190 Extra"]
[Source "ChessBase"]
[SourceDate "2019.07.15"]
[SourceVersion "1"]
[SourceVersionDate "2019.07.15"]
[SourceQuality "1"]

1. d4 Nf6 2. c4 e6 3. Nf3 Bb4+ 4. Bd2 Qe7 5. g3 Nc6 6. Nc3 0-0 7. Bg2 d5 8. cxd5 exd5 9. Bg5 h6 10. Bxf6 Qxf6 11. 0-0 Bxc3 1/2-1/2

[Event "Arad op 11th"]
[Site "Arad"]
[Date "2018.08.12"]
[Round "9"]
[White "Ciorica, Mihai Vlad"]
[Black "Florescu, Codrut Constantin"]
[Result "1-0"]
[WhiteElo "2110"]
[BlackElo "2295"]
[PlyCount "45"]
[EventDate "2018.08.05"]
[EventType "swiss"]
[EventRounds "9"]
[EventCountry "ROU"]
[SourceTitle "CBM 185 Extra"]
[Source "ChessBase"]
[SourceDate "2018.07.29"]
[SourceVersion "1"]
[SourceVersionDate "2018.07.29"]
[SourceQuality "1"]

1. d4 Nf6 2. c4 d6 3. Nc3 Nbd7 4. e4 e5 5. d5 Be7 6. f3 0-0 7. Be3 c6 8. Qd2 cxd5 9. cxd5 Re8 10. Bd3 Bf8 11. Nge2 a6 12. a4 g6 13. a5 Bg7 14. Na4 Rf8 15. Rc1 Nh5 16. 0-0 f5 17. Nb6 Nxb6 18. Bxb6 Qf6 19. Rc7 f4 20. Rfc1 g5 21. h3 h6 22. R1c2 Kh8 23. Qc1 1-0

[Event "Arad op 11th"]
[Site "Arad"]
[Date "2018.08.10"]
[Round "7"]
[White "Ciorica, Mihai Vlad"]
[Black "Yordanov, Lachezar"]
[Result "0-1"]
[WhiteElo "2110"]
[BlackElo "2314"]
[PlyCount "64"]
[EventDate "2018.08.05"]
[EventType "swiss"]
[EventRounds "9"]
[EventCountry "ROU"]
[SourceTitle "CBM 185 Extra"]
[Source "ChessBase"]
[SourceDate "2018.07.29"]
[SourceVersion "1"]
[SourceVersionDate "2018.07.29"]
[SourceQuality "1"]

1. d4 Nf6 2. c4 e6 3. Nc3 Bb4 4. f3 d5 5. a3 Bxc3+ 6. bxc3 c5 7. e3 Nc6 8. cxd5 Nxd5 9. Ne2 0-0 10. e4 Nb6 11. dxc5 Nd7 12. Be3 Qa5 13. Nd4 Nxc5 14. Nxc6 bxc6 15. Qc2 Rb8 16. Bc4 Na4 17. Bb3 Nb6 18. 0-0 Ba6 19. c4 Rb7 20. Rfd1 Nd7 21. c5 Rfb8 22. Ba2 h6 23. h3 Rb2 24. Qc1 Re2 25. Rxd7 Rbb2 26. Bc4 Rxg2+ 27. Kh1 Rh2+ 28. Kg1 Rbg2+ 29. Kf1 Rc2 30. Bd3 Rh1+ 31. Bg1 Rxg1+ 32. Kxg1 Qxc5+ 0-1

[Event "ROM-chT U18"]
[Site "Iasi"]
[Date "2018.07.14"]
[Round "2.1"]
[White "Ileana, George"]
[Black "Ciorica, Mihai Vlad"]
[Result "1-0"]
[WhiteElo "2325"]
[BlackElo "2094"]
[PlyCount "111"]
[EventDate "2018.07.13"]
[EventType "team-tourn"]
[EventRounds "5"]
[EventCountry "ROU"]
[SourceTitle "EXT 2019"]
[Source "ChessBase"]
[SourceDate "2018.10.10"]
[SourceVersion "1"]
[SourceVersionDate "2018.10.10"]
[SourceQuality "1"]
[WhiteTeam "Bucharest Tinerii Maestri"]
[BlackTeam "Timisoara CC1"]
[WhiteTeamCountry "ROU"]
[BlackTeamCountry "ROU"]

1. Nf3 d5 2. c4 d4 3. e3 Nc6 4. b3 e5 5. Bb2 Nf6 6. d3 dxe3 7. fxe3 e4 8. Nd4 Ne5 9. Nd2 exd3 10. h3 Bb4 11. N4f3 Ne4 12. Bxe5 Qe7 13. Bf4 g5 14. Be5 Nxd2 15. Kf2 Ne4+ 16. Kg1 f6 17. Bxd3 Nc5 18. Bd4 Nxd3 19. Qxd3 c5 20. Bb2 Rg8 21. Rd1 Be6 22. Kf2 Ba5 23. Qe4 Bf7 24. Qf5 Rg6 25. g4 Be6 26. Qe4 Bf7 27. Qxe7+ Kxe7 28. h4 gxh4 29. Nxh4 Rxg4 30. Nf5+ Ke6 31. Rd6+ Kxf5 32. Rxf6+ Ke4 33. Rxf7 Rag8 34. Re7+ Kd3 35. Rd7+ Ke4 36. Re7+ Kd3 37. Be5 Bd2 38. Bf4 Bc3 39. Kf3 Rg2 40. Rd7+ Kc2 41. Rxb7 a5 42. Rbxh7 Kb2 43. R7h2 Rxh2 44. Rxh2+ Ka3 45. Bd6 Rc8 46. Ke4 Re8+ 47. Kd5 Rd8 48. e4 Bb2 49. Kxc5 Re8 50. Kd5+ Kxa2 51. Rh3 Kb1 52. c5 Kc2 53. c6 Bc3 54. c7 Kxb3 55. Rf3 a4 56. Rf8 1-0

[Event "ROM-ch U18"]
[Site "Calimanesti"]
[Date "2018.04.01"]
[Round "7"]
[White "Banzea, Alexandru Bogdan"]
[Black "Ciorica, Mihai Vlad"]
[Result "1/2-1/2"]
[WhiteElo "2312"]
[BlackElo "2107"]
[PlyCount "78"]
[EventDate "2018.03.27"]
[EventType "swiss"]
[EventRounds "9"]
[EventCountry "ROU"]
[SourceTitle "CBM 183 Extra"]
[Source "ChessBase"]
[SourceDate "2018.04.19"]
[SourceVersion "1"]
[SourceVersionDate "2018.04.19"]
[SourceQuality "1"]

1. e4 c5 2. Nf3 Nc6 3. Bb5 g6 4. Bxc6 bxc6 5. 0-0 Bg7 6. Re1 Nh6 7. c3 0-0 8. h3 f5 9. e5 Nf7 10. d3 Qc7 11. Qe2 d6 12. Bf4 Rb8 13. exd6 exd6 14. Na3 Bd7 15. Nc4 Rfe8 16. Qd2 Bf8 17. Rxe8 Rxe8 18. Re1 Rxe1+ 19. Qxe1 Qc8 20. Qe3 Qe8 21. a4 Qxe3 22. Bxe3 Be7 23. b4 cxb4 24. cxb4 c5 25. b5 Kf8 26. d4 Be6 27. Na5 Bd5 28. dxc5 dxc5 29. Nd2 Ne5 30. Bf4 Bd8 31. Nab3 c4 32. Nd4 Nd3 33. Bd6+ Ke8 34. Ne2 Bb6 35. Kf1 Bxf2 36. Nf4 Nxf4 37. Kxf2 c3 38. Bxf4 cxd2 39. Bxd2 Bb3 1/2-1/2

[Event "ROM-ch U18"]
[Site "Calimanesti"]
[Date "2018.03.29"]
[Round "4"]
[White "Ciorica, Mihai Vlad"]
[Black "Ileana, George"]
[Result "1/2-1/2"]
[WhiteElo "2107"]
[BlackElo "2362"]
[PlyCount "84"]
[EventDate "2018.03.27"]
[EventType "swiss"]
[EventRounds "9"]
[EventCountry "ROU"]
[SourceTitle "CBM 183 Extra"]
[Source "ChessBase"]
[SourceDate "2018.04.19"]
[SourceVersion "1"]
[SourceVersionDate "2018.04.19"]
[SourceQuality "1"]

1. d4 d5 2. c4 c6 3. cxd5 cxd5 4. Nc3 Nf6 5. Nf3 Nc6 6. Bf4 Bf5 7. e3 e6 8. Bd3 Bg6 9. 0-0 Be7 10. Ne5 Nxe5 11. Bxe5 0-0 12. Bxg6 hxg6 13. Qb3 Qd7 14. Rfc1 Rfc8 15. Bxf6 gxf6 16. Ne2 Rc6 17. Rxc6 bxc6 18. Rc1 Rc8 19. Nf4 c5 20. dxc5 Rxc5 21. Rxc5 Bxc5 22. Qc3 Be7 23. b3 Kg7 24. h3 Qd6 25. Qa5 d4 26. Qd2 e5 27. Ne2 d3 28. Nc3 Qd8 29. Nd1 a5 30. e4 Bb4 31. Qe3 d2 32. Kf1 Qc7 33. Ke2 Qc2 34. a4 f5 35. exf5 Qxf5 36. Nb2 Qc2 37. Nd1 Kg8 38. Qd3 Qc6 39. Ne3 e4 40. Qc2 Qd7 41. Nf1 Qd5 42. Nxd2 Bxd2 1/2-1/2

[Event "ROM-ch U18"]
[Site "Calimanesti"]
[Date "2018.03.27"]
[Round "1"]
[White "Ciorica, Mihai Vlad"]
[Black "Mortu, Adrian"]
[Result "1-0"]
[WhiteElo "2107"]
[BlackElo "1787"]
[PlyCount "53"]
[EventDate "2018.03.27"]
[EventType "swiss"]
[EventRounds "9"]
[EventCountry "ROU"]
[SourceTitle "CBM 183 Extra"]
[Source "ChessBase"]
[SourceDate "2018.04.19"]
[SourceVersion "1"]
[SourceVersionDate "2018.04.19"]
[SourceQuality "1"]

1. d4 g6 2. c4 Bg7 3. Nc3 d6 4. e4 Nc6 5. Be3 e5 6. d5 Nce7 7. Qd2 f5 8. f3 Nf6 9. Bd3 0-0 10. Nge2 fxe4 11. Nxe4 Nf5 12. Bg5 Qe8 13. 0-0 Nd4 14. Nxd4 exd4 15. Bxf6 Rxf6 16. Nxf6+ Bxf6 17. Rae1 Qf7 18. f4 Bg4 19. f5 Rf8 20. h3 Bxf5 21. Bxf5 gxf5 22. Rxf5 Qg6 23. Ref1 Rf7 24. g4 h6 25. Kh1 c5 26. Qf2 Bh4 27. Qxh4 1-0

[Event "ROM-ch U16"]
[Site "Baile Felix"]
[Date "2017.02.06"]
[Round "6"]
[White "Ciorica, Mihai Vlad"]
[Black "Ileana, George"]
[Result "1-0"]
[WhiteElo "2059"]
[BlackElo "2174"]
[PlyCount "121"]
[EventDate "2017.02.02"]
[EventType "swiss"]
[EventRounds "9"]
[EventCountry "ROU"]
[SourceTitle "CBM 176 Extra"]
[Source "ChessBase"]
[SourceDate "2017.03.02"]
[SourceVersion "1"]
[SourceVersionDate "2017.03.02"]
[SourceQuality "1"]

1. e4 c5 2. Nf3 d6 3. d4 cxd4 4. Nxd4 Nf6 5. Nc3 a6 6. Bg5 Nbd7 7. f4 e6 8. Qf3 Be7 9. 0-0-0 Qc7 10. g4 Nb6 11. Kb1 Bd7 12. Bxf6 gxf6 13. f5 e5 14. Nb3 Rc8 15. Bd3 Bf8 16. h4 h5 17. g5 Qd8 18. Rdg1 Rxc3 19. bxc3 Na4 20. Be2 Qe7 21. Kc1 d5 22. exd5 e4 23. Qf4 Qe5 24. Qxe5+ fxe5 25. Kd2 Bxf5 26. Rg3 Kd8 27. Na5 Kc7 28. Rb1 Nc5 29. Nc4 e3+ 30. Rxe3 Ne4+ 31. Ke1 b5 32. Nd2 Nc5 33. Bd3 Nxd3+ 34. cxd3 Bc5 35. Rf3 Bg6 36. Ne4 Be7 37. d6+ Bxd6 38. Nxd6 Kxd6 39. Kd2 Rd8 40. Re1 e4 41. dxe4 Ke5+ 42. Kc1 Rc8 43. Kb2 Rc4 44. a3 a5 45. Kb3 a4+ 46. Kb2 Rxe4 47. Rxe4+ Kxe4 48. Rf6 Kd5 49. Kc1 Kc4 50. Rf4+ Kd5 51. Kd2 Kc5 52. Rd4 Bb1 53. Ke3 Bc2 54. Kf4 Bb1 55. Ke5 Bc2 56. Kf6 Bg6 57. Kg7 Kc6 58. Kg8 Kc5 59. Rf4 Kd5 60. Kg7 Ke6 61. Rf6+ 1-0

[Event "ROM-ch U16"]
[Site "Baile Felix"]
[Date "2017.02.05"]
[Round "4"]
[White "Stefan, Mihai"]
[Black "Ciorica, Mihai Vlad"]
[Result "1-0"]
[WhiteElo "1985"]
[BlackElo "2059"]
[PlyCount "87"]
[EventDate "2017.02.02"]
[EventType "swiss"]
[EventRounds "9"]
[EventCountry "ROU"]
[SourceTitle "CBM 176 Extra"]
[Source "ChessBase"]
[SourceDate "2017.03.02"]
[SourceVersion "1"]
[SourceVersionDate "2017.03.02"]
[SourceQuality "1"]

1. e4 d5 2. Nf3 dxe4 3. Ng5 Bf5 4. g4 Bg6 5. Bg2 Nf6 6. Nc3 h5 7. Ngxe4 Nxg4 8. h3 Nh6 9. d4 e6 10. Bf4 c6 11. Qd2 Nf5 12. 0-0-0 Nd7 13. Rhg1 Be7 14. Bh1 Qa5 15. Qe2 0-0-0 16. Ng5 Bxg5 17. Rxg5 Rhe8 18. Ne4 Nf8 19. Nd6+ Rxd6 20. Bxd6 Qxa2 21. Ba3 Nxd4 22. Rxd4 Qa1+ 23. Kd2 Qxh1 24. Bxf8 Qb1 25. Rxg6 fxg6 26. Bxg7 Qxb2 27. Qd3 e5 28. Rd6 Qb4+ 29. Ke2 e4 30. Qd4 Qb5+ 31. c4 Qf5 32. Bf6 Qa5 33. Kf1 g5 34. Qd1 Rg8 35. Qxh5 Qc5 36. Qg4+ Kb8 37. Qxe4 Ka8 38. Qd4 Qxd4 39. Rxd4 b5 40. cxb5 cxb5 41. Rd8+ Rxd8 42. Bxd8 b4 43. Ke2 a5 44. Bxa5 1-0

[Event "Arad op 9th"]
[Site "Arad"]
[Date "2016.08.06"]
[Round "1"]
[White "Ciorica, Mihai Vlad"]
[Black "David, Alexandru Vasile"]
[Result "1-0"]
[WhiteElo "2071"]
[BlackElo "2406"]
[PlyCount "71"]
[EventDate "2016.08.06"]
[EventType "swiss"]
[EventRounds "9"]
[EventCountry "ROU"]
[SourceTitle "CBM 173 Extra"]
[Source "ChessBase"]
[SourceDate "2016.08.29"]
[SourceVersion "1"]
[SourceVersionDate "2016.08.29"]
[SourceQuality "1"]

1. d4 Nf6 2. c4 g6 3. f3 e6 4. e4 d5 5. e5 Nh5 6. Be3 c5 7. cxd5 exd5 8. dxc5 Bg7 9. g4 Bxe5 10. gxh5 0-0 11. Qd2 Bf5 12. hxg6 hxg6 13. Na3 Qh4+ 14. Bf2 Qf6 15. 0-0-0 Nd7 16. Bh3 Nxc5 17. Bxf5 Na4 18. Bd4 Bxd4 19. Qxd4 Qxf5 20. Nc2 Rac8 21. Qd3 Rxc2+ 22. Kxc2 Qf6 23. Qd4 Qf5+ 24. Kd2 Qg5+ 25. f4 Qg2+ 26. Ne2 Re8 27. Rhe1 Re4 28. Qg1 Qh3 29. Qg3 Qf5 30. Nc3 Nxc3 31. bxc3 Ra4 32. Re8+ Kg7 33. Qh4 Qxf4+ 34. Qxf4 Rxf4 35. Kc2 Rh4 36. Rd2 1-0

[Event "ROM-ch U16"]
[Site "Calimanesti Caciulata"]
[Date "2016.04.23"]
[Round "7"]
[White "Ciorica, Mihai Vlad"]
[Black "Albu, George"]
[Result "1-0"]
[WhiteElo "2009"]
[BlackElo "1760"]
[PlyCount "91"]
[EventDate "2016.04.18"]
[EventType "swiss"]
[EventRounds "9"]
[EventCountry "ROU"]
[SourceTitle "CBM 172 Extra"]
[Source "ChessBase"]
[SourceDate "2016.06.21"]
[SourceVersion "1"]
[SourceVersionDate "2016.06.21"]
[SourceQuality "1"]

1. d4 d6 2. c4 e5 3. Nf3 Nd7 4. e4 g6 5. Nc3 Bg7 6. Be2 Ne7 7. 0-0 0-0 8. d5 a5 9. Be3 b6 10. a3 h6 11. Ne1 f5 12. f3 f4 13. Bf2 g5 14. b4 axb4 15. axb4 Rxa1 16. Qxa1 h5 17. Qa7 Nf6 18. Nb5 Ne8 19. Qb8 Qd7 20. Qa7 g4 21. c5 bxc5 22. bxc5 Ng6 23. Nc2 h4 24. fxg4 h3 25. g3 f3 26. Bd3 Nf4 27. Bc4 Qxg4 28. Nxc7 Ne2+ 29. Kh1 Nxc7 30. Qxc7 Qxe4 31. Na3 Qf5 32. Qxd6 Nc3 33. Qe7 Kh7 34. d6 e4 35. Bd4 Qg4 36. Bxc3 e3 37. Bxg7 Qxg7 38. Qxe3 Qb2 39. Nc2 f2 40. Bd3+ Kg8 41. Qg5+ Qg7 42. Qxg7+ Kxg7 43. c6 Be6 44. Be4 Rf5 45. d7 Rd5 46. c7 1-0

[Event "ROM-ch U16"]
[Site "Calimanesti Caciulata"]
[Date "2016.04.19"]
[Round "2"]
[White "Gotsman, Szabolcs Mihaly"]
[Black "Ciorica, Mihai Vlad"]
[Result "0-1"]
[WhiteElo "1216"]
[BlackElo "2009"]
[PlyCount "80"]
[EventDate "2016.04.18"]
[EventType "swiss"]
[EventRounds "9"]
[EventCountry "ROU"]
[SourceTitle "CBM 172 Extra"]
[Source "ChessBase"]
[SourceDate "2016.06.21"]
[SourceVersion "1"]
[SourceVersionDate "2016.06.21"]
[SourceQuality "1"]

1. c4 e6 2. Nc3 d5 3. cxd5 exd5 4. d4 c6 5. Nf3 Bf5 6. g3 Nf6 7. Bg2 Bd6 8. 0-0 0-0 9. Re1 Re8 10. h3 h6 11. a3 a5 12. Nd2 Ne4 13. Ndxe4 dxe4 14. e3 Nd7 15. Qb3 b5 16. d5 Nc5 17. Qc2 Nd3 18. Rd1 cxd5 19. Nxb5 Be5 20. Nd4 Bxd4 21. Qd2 Rc8 22. exd4 Qf6 23. Qxa5 Bxh3 24. Be3 Bxg2 25. Kxg2 Rc2 26. Rf1 Qf3+ 27. Kg1 Nxf2 28. Bxf2 e3 29. Kh2 Rxf2+ 30. Rxf2 Qxf2+ 31. Kh1 e2 32. Qe1 Qxd4 33. Rb1 Qe4+ 34. Kh2 Qxb1 35. Qxb1 e1Q 36. Qxe1 Rxe1 37. Kg2 Re2+ 38. Kf3 Rxb2 39. Ke3 Rb3+ 40. Kd4 Rxa3 0-1

[Event "EU Union-ch U14"]
[Site "Kouty nad Desnou"]
[Date "2015.08.27"]
[Round "9"]
[White "Ciorica, Mihai Vlad"]
[Black "Ariza, Thomas"]
[Result "0-1"]
[WhiteElo "1974"]
[BlackElo "2063"]
[PlyCount "88"]
[EventDate "2015.08.19"]
[EventType "swiss"]
[EventRounds "9"]
[EventCountry "CZE"]
[SourceTitle "EXT 2016"]
[Source "ChessBase"]
[SourceDate "2015.10.08"]
[SourceVersion "1"]
[SourceVersionDate "2015.10.08"]
[SourceQuality "1"]

1. d4 Nf6 2. c4 c5 3. d5 e6 4. Nc3 exd5 5. cxd5 d6 6. e4 g6 7. f3 Bg7 8. Bg5 a6 9. a4 h6 10. Be3 Nbd7 11. Nh3 0-0 12. Qd2 Kh7 13. Be2 Ne8 14. 0-0 Ne5 15. Nf2 f5 16. f4 Nd7 17. Bd3 fxe4 18. Nfxe4 Ndf6 19. Ng3 Ng4 20. Kh1 Qh4 21. Bg1 Bd4 22. h3 Qxg3 23. hxg4 Qh4+ 24. Bh2 Bxg4 25. Ne2 Bg7 26. Ng3 Nc7 27. Qc2 Nxd5 28. Bxg6+ Kh8 29. Qd2 Bd4 30. Rae1 Ne7 31. Bb1 Rae8 32. Ne2 Bxe2 33. Rxe2 Nd5 34. Qd3 Nf6 35. Rxe8 Rxe8 36. b3 Re1 37. g3 Rxf1+ 38. Qxf1 Qh5 39. f5 Ng4 40. Qg2 Nf2+ 41. Kg1 Nh3+ 42. Kh1 Qd1+ 43. Bg1 Nf2+ 44. Kh2 Qh5+ 0-1

[Event "EU Union-ch U14"]
[Site "Kouty nad Desnou"]
[Date "2015.08.26"]
[Round "8"]
[White "Ciorica, Mihai Vlad"]
[Black "Bango, Lukas"]
[Result "1/2-1/2"]
[WhiteElo "1974"]
[BlackElo "2182"]
[PlyCount "94"]
[EventDate "2015.08.19"]
[EventType "swiss"]
[EventRounds "9"]
[EventCountry "CZE"]
[SourceTitle "EXT 2016"]
[Source "ChessBase"]
[SourceDate "2015.10.08"]
[SourceVersion "1"]
[SourceVersionDate "2015.10.08"]
[SourceQuality "1"]

1. d4 Nf6 2. c4 e5 3. dxe5 Ng4 4. Bf4 g5 5. Bg3 Bg7 6. Nf3 Nc6 7. h4 Ngxe5 8. Nxe5 Nxe5 9. Nc3 d6 10. hxg5 Be6 11. e3 Qxg5 12. Nd5 Bxd5 13. Qxd5 0-0 14. Be2 Qf6 15. Bxe5 dxe5 16. Bd3 h6 17. Qe4 Rfd8 18. 0-0 c6 19. Rfd1 Kf8 20. Bc2 Qe6 21. b3 Ke7 22. Qf5 Bf6 23. Qxe6+ Kxe6 24. Rxd8 Rxd8 25. Rd1 Rg8 26. Kf1 Be7 27. g3 h5 28. Ke2 h4 29. gxh4 Bxh4 30. Rh1 Be7 31. Rh6+ Kd7 32. Bf5+ Ke8 33. Rh1 Bd6 34. e4 Ke7 35. Rd1 b6 36. a4 Rh8 37. Rd3 Rh2 38. Rh3 Rg2 39. Rg3 Rxg3 40. fxg3 Bc5 41. Kd3 Kd6 42. g4 Kc7 43. g5 Be7 44. g6 fxg6 45. Bxg6 Kd6 46. Be8 Bg5 47. Bh5 Kc5 1/2-1/2

[Event "EU Union-ch U14"]
[Site "Kouty nad Desnou"]
[Date "2015.08.23"]
[Round "5"]
[White "Golub, Nikolina"]
[Black "Ciorica, Mihai Vlad"]
[Result "0-1"]
[WhiteElo "1820"]
[BlackElo "1974"]
[PlyCount "138"]
[EventDate "2015.08.19"]
[EventType "swiss"]
[EventRounds "9"]
[EventCountry "CZE"]
[SourceTitle "EXT 2016"]
[Source "ChessBase"]
[SourceDate "2015.10.08"]
[SourceVersion "1"]
[SourceVersionDate "2015.10.08"]
[SourceQuality "1"]

1. e4 c5 2. Nf3 e6 3. d4 cxd4 4. Nxd4 a6 5. Nc3 b5 6. a3 Qc7 7. Be3 Bb7 8. f3 Nf6 9. Be2 d6 10. 0-0 Nbd7 11. Qd2 Be7 12. Rad1 Rc8 13. Rfe1 0-0 14. Bxb5 axb5 15. Ndxb5 Qb8 16. Nxd6 Bxd6 17. Qxd6 Qxd6 18. Rxd6 Ne5 19. Rb6 Ba8 20. Rb3 Nc4 21. Bc1 Rfd8 22. Rd1 Kf8 23. Rxd8+ Rxd8 24. Rb4 Rc8 25. b3 Ne5 26. Bb2 Ned7 27. Kf2 Ne8 28. Rd4 Ke7 29. a4 e5 30. Rd2 Bc6 31. Ba3+ Ke6 32. a5 g6 33. Nd5 f5 34. c4 fxe4 35. fxe4 Ndf6 36. Nxf6 Nxf6 37. Rd6+ Kf7 38. Ke3 Ba8 39. Ra6 Nxe4 40. Rxa8 Rxa8 41. Kxe4 Rxa5 42. Bb4 Ra2 43. Kxe5 Rb2 44. Bd6 Rxb3 45. c5 Rb2 46. c6 Rxg2 47. c7 Rc2 48. Kd4 Ke6 49. Kd3 Rc6 50. Bg3 Kd7 51. Ke4 Rf6 52. Ke5 Rf1 53. Ke4 g5 54. Ke3 h5 55. Ke2 Rf5 56. h3 Rf6 57. Ke3 h4 58. Bh2 Rf1 59. Ke2 Rh1 60. Be5 Rxh3 61. Kf2 g4 62. Kg2 Ra3 63. Bd6 Ra2+ 64. Kh1 Rc2 65. Bf4 Ke6 66. Kg1 Kf5 67. Bd6 g3 68. Kh1 Kg4 69. Kg1 Rc1+ 0-1

[Event "EU Union-ch U14"]
[Site "Kouty nad Desnou"]
[Date "2015.08.20"]
[Round "2"]
[White "Ciorica, Mihai Vlad"]
[Black "Cerniauskas, Markas"]
[Result "1-0"]
[WhiteElo "1974"]
[BlackElo "1801"]
[PlyCount "65"]
[EventDate "2015.08.19"]
[EventType "swiss"]
[EventRounds "9"]
[EventCountry "CZE"]
[SourceTitle "EXT 2016"]
[Source "ChessBase"]
[SourceDate "2015.10.08"]
[SourceVersion "1"]
[SourceVersionDate "2015.10.08"]
[SourceQuality "1"]

1. d4 Nf6 2. c4 g6 3. f3 d5 4. cxd5 Nxd5 5. e4 Nb6 6. Nc3 Bg7 7. Be3 0-0 8. Qd2 Nc6 9. 0-0-0 Bd7 10. Kb1 a5 11. h4 h5 12. g4 hxg4 13. h5 gxh5 14. Bh6 f6 15. Rxh5 Qe8 16. Qh2 Qg6 17. Nge2 Bxh6 18. Rxh6 Qg7 19. Nf4 e5 20. Rg6 exf4 21. Rxg7+ Kxg7 22. Qxf4 Rac8 23. fxg4 Ne7 24. Bd3 Ng6 25. Qg3 c5 26. d5 Be8 27. g5 Nd7 28. Rg1 Nde5 29. gxf6+ Kxf6 30. Qg5+ Kf7 31. Rf1+ Kg7 32. Rxf8 Kxf8 33. Qf5+ 1-0

[Event "ROM-ch U14"]
[Site "Calimanesti"]
[Date "2015.04.06"]
[Round "9"]
[White "Ciorica, Mihai Vlad"]
[Black "Talu, Mircea"]
[Result "0-1"]
[WhiteElo "1960"]
[BlackElo "1784"]
[PlyCount "58"]
[EventDate "2015.03.30"]
[EventType "swiss"]
[EventRounds "9"]
[EventCountry "ROU"]
[SourceTitle "EXT 2016"]
[Source "ChessBase"]
[SourceDate "2015.10.08"]
[SourceVersion "1"]
[SourceVersionDate "2015.10.08"]
[SourceQuality "1"]

1. d4 d5 2. c4 e6 3. Nc3 Nf6 4. cxd5 exd5 5. Bg5 Nbd7 6. e3 c6 7. Bd3 Be7 8. Qc2 h6 9. Bh4 0-0 10. Nge2 Re8 11. 0-0 Ne4 12. Bxe7 Qxe7 13. Bxe4 dxe4 14. Ng3 Nf6 15. Rae1 Be6 16. b3 Bd5 17. f3 Qe6 18. fxe4 Nxe4 19. Ngxe4 Bxe4 20. Qd2 Rad8 21. Na4 b6 22. Qc3 Rd6 23. Nb2 Bxg2 24. Rf2 Be4 25. Kf1 Qg4 26. Nc4 Rf6 27. Ree2 Qg2+ 28. Ke1 Qg1+ 29. Kd2 Rxf2 0-1

[Event "ROM-ch U14"]
[Site "Calimanesti"]
[Date "2015.04.03"]
[Round "6"]
[White "Ciorica, Mihai Vlad"]
[Black "Padurean, Daniel Cristian"]
[Result "1-0"]
[WhiteElo "1960"]
[BlackElo "1763"]
[PlyCount "95"]
[EventDate "2015.03.30"]
[EventType "swiss"]
[EventRounds "9"]
[EventCountry "ROU"]
[SourceTitle "CBM 165 Extra"]
[Source "ChessBase"]
[SourceDate "2015.04.21"]
[SourceVersion "1"]
[SourceVersionDate "2015.04.21"]
[SourceQuality "1"]

1. b3 e5 2. Bb2 Nc6 3. e3 Nf6 4. Bb5 d6 5. Ne2 a6 6. Bxc6+ bxc6 7. 0-0 Be7 8. f4 exf4 9. Nxf4 0-0 10. Qf3 d5 11. Nc3 Bd6 12. h3 Be5 13. Nd3 Bd6 14. e4 dxe4 15. Nxe4 Nxe4 16. Qxe4 Qg5 17. Rf3 Be6 18. c4 Rae8 19. Qxc6 Qxd2 20. Raf1 Bxh3 21. Rxh3 Re3 22. Bc1 Rxh3 23. Bxd2 Bh2+ 24. Kf2 Rxd3 25. Be3 Rd6 26. Qe4 Re6 27. Qh4 Bd6 28. c5 Be7 29. Qh3 Rd8 30. Re1 Rd3 31. Ke2 Rdxe3+ 32. Qxe3 Rxe3+ 33. Kxe3 Bxc5+ 34. Kd3 g6 35. Re8+ Kg7 36. Ra8 h5 37. Rxa6 Bb6 38. a4 h4 39. a5 Bf2 40. Rc6 g5 41. Ke2 Bd4 42. Rxc7 Be5 43. Rc5 Kf6 44. a6 Bb8 45. Rc8 Ba7 46. Rc7 g4 47. Rxa7 h3 48. gxh3 1-0